Baseball Records - Statistics

General Stats
  • This quiz has been taken 35 times
  • The average score is 9 of 10
Answer Stats
Hint Answer % Correct
Most career home runs Barry Bonds
93%
Most career bases on balls Barry Bonds
93%
Most games played in a row Cal Ripken Jr.
93%
Who threw the fastest pitch in Statcast era? Aroldis Chapman
89%
Most career strikeouts Nolan Ryan
86%
Most career seasons played Nolan Ryan
86%
Most career games played Pete Rose
86%
Most career hits Pete Rose
86%
Most career wins Cy Young
82%
Most career stolen bases Ricky Henderson
64%
No matching quizzes found
Score Distribution
Percent of People with Each Score
Percentile by Number Answered
Your Score History
You have not taken this quiz